| 000 | 01163cam a22002295a 4500 | ||
|---|---|---|---|
| 001 | L149408 | ||
| 008 | 100303e2010 xxk 000 0 eng d | ||
| 035 | _a(Sirsi) u149408 | ||
| 041 | 0 | _aeng | |
| 100 | 1 | _aEade, Christine | |
| 245 | 0 | 0 |
_aMarkets _bBristol, Bath and Swindon |
| 260 | _c2010 | ||
| 490 |
_aProperty Week _v76(7) 19 February 2010, 41-50(6) |
||
| 520 | _aSouthGate, Bath's new shopping centre, is close to total occupancy. Central Bristol office agents predict record take-up in March after 2009's 40% fall over 2008 levels. HDG Mansur will go ahead with Finzels Reach, its speculative premium Bristol office development. Industrial transactions in Bristol have fallen for the third consecutive year and Swindon industrial take-up has dropped to 675 000 sq ft in 2009. Bristol City football club and Sainsbury's are working to create a new venue to host 2018 World Cup fixtures. Deeley Freed is to submit planning application for casino in Bath. | ||
| 590 | _aKA | ||
| 651 | 4 | _aBristol | |
| 651 | 4 | _aBath | |
| 651 | 4 | _aSwindon | |
| 690 | _aPROPERTY-COMMERCIAL PROPERTY-COMMERCIAL PROPERTY MARKET | ||
| 700 | 1 | _aRead, Chris | |
| 942 | _n0 | ||
| 999 |
_c82164 _d82164 |
||